[Event "Münsterland Open"]
[Site "Senden"]
[Date "2007.09.29"]
[Round "1.1"]
[White "Korneev, Oleg"]
[Black "Kipp, Lucas"]
[Result "1-0"]
[WhiteElo "2565"]
[BlackElo "2009"]
[PlyCount "67"]
[EventDate "2007.??.??"]

1. e4 e6 2. d4 d5 3. Nc3 dxe4 4. Nxe4 Bd7 5. Nf3 Bc6 6. Bd3 Nd7 7. O-O Ngf6 8.
Ng3 Be7 9. c4 Bxf3 10. Qxf3 c6 11. Bf4 O-O 12. Rad1 Rc8 13. h4 a6 14. h5 b5 15.
h6 g6 16. b3 Re8 17. Rfe1 Qa5 18. Re2 Qb6 19. c5 Qb7 20. Bg5 Qc7 21. Bc2 Qd8
22. b4 Nd5 23. Bxe7 Rxe7 24. Bb3 N7f6 25. Bxd5 Nxd5 26. Ne4 Qf8 27. Nf6+ Nxf6
28. Qxf6 Rd7 29. g4 Rd5 30. Re3 Qxh6 31. Rxe6 Qh3 32. Re4 h5 33. Rde1 Rf8 34.
R1e3 1-0

[Event "Münsterland Open"]
[Site "Senden"]
[Date "2007.09.29"]
[Round "1.2"]
[White "Eiersbrock, Robin"]
[Black "van der Weide, Karel"]
[Result "0-1"]
[WhiteElo "2000"]
[BlackElo "2512"]
[PlyCount "48"]
[EventDate "2007.??.??"]

1. d4 Nf6 2. Nf3 g6 3. c4 Bg7 4. Nc3 d5 5. cxd5 Nxd5 6. e3 O-O 7. Bd3 c5 8. O-O
cxd4 9. Nxd4 Nxc3 10. bxc3 Qa5 11. Qb3 e5 12. Nf3 Nd7 13. Ba3 Nc5 14. Bxc5 Qxc5
15. Ng5 Qe7 16. Ne4 Kh8 17. f4 f5 18. Ng5 h6 19. Nh3 Be6 20. Bc4 Bxc4 21. Qxc4
Rfc8 22. Qb4 Qxb4 23. cxb4 exf4 24. Rac1 fxe3 0-1

[Event "Münsterland Open"]
[Site "Senden"]
[Date "2007.09.29"]
[Round "1.3"]
[White "Hoffmann, Michael"]
[Black "Lerke, Bernd"]
[Result "1-0"]
[WhiteElo "2481"]
[BlackElo "1999"]
[PlyCount "35"]
[EventDate "2007.??.??"]

1. e4 e6 2. d4 c5 3. Nf3 cxd4 4. Nxd4 Nf6 5. Nc3 Bb4 6. e5 Nd5 7. Bd2 Nxc3 8.
bxc3 Bc5 9. Qg4 Kf8 10. Bd3 Nc6 11. Nxc6 bxc6 12. O-O h5 13. Qf4 d6 14. Be3 Qc7
15. Bxc5 dxc5 16. Rfd1 f6 17. Bg6 Rh6 18. exf6 1-0

[Event "Münsterland Open"]
[Site "Senden"]
[Date "2007.09.29"]
[Round "1.5"]
[White "Thesing, Matthias"]
[Black "Wirfs, Joachim"]
[Result "1-0"]
[WhiteElo "2393"]
[BlackElo "1984"]
[PlyCount "61"]
[EventDate "2007.??.??"]

1. e4 d5 2. exd5 Qxd5 3. Nc3 Qd6 4. d4 Nf6 5. Bg5 Nc6 6. d5 Nb4 7. Bb5+ Bd7 8.
Bxd7+ Qxd7 9. Bxf6 gxf6 10. a3 Na6 11. Qh5 Rg8 12. g3 h6 13. Qe2 O-O-O 14.
O-O-O Nc5 15. Qe3 b6 16. Nge2 e5 17. dxe6 Qxe6 18. Rxd8+ Kxd8 19. Qf3 Rg6 20.
Nf4 Qg4 21. Qa8+ Qc8 22. Qd5+ Qd7 23. Nxg6 fxg6 24. Qg8 Qg7 25. Rd1+ Nd7 26.
Qd5 Bd6 27. Nb5 Be5 28. f4 Bd6 29. Qa8+ Ke7 30. Nxd6 cxd6 31. Re1+ 1-0

[Event "Münsterland Open"]
[Site "Senden"]
[Date "2007.09.29"]
[Round "1.6"]
[White "Distelrath, Oliver"]
[Black "Schulze, Ulrich"]
[Result "0-1"]
[WhiteElo "1980"]
[BlackElo "2309"]
[PlyCount "40"]
[EventDate "2007.??.??"]

1. d4 Nf6 2. Nf3 g6 3. g3 Bg7 4. Bg2 d5 5. O-O c6 6. c4 O-O 7. Nc3 dxc4 8. e4
b5 9. Qc2 a6 10. a4 Bb7 11. Rd1 e6 12. Bg5 h6 13. Bxf6 Qxf6 14. e5 Qe7 15. Ne4
Nd7 16. a5 c5 17. Nd6 Bxf3 18. Bxf3 cxd4 19. Bxa8 d3 20. Qc1 Nxe5 0-1

[Event "Münsterland Open"]
[Site "Senden"]
[Date "2007.09.29"]
[Round "1.7"]
[White "Litwak, Aleksej"]
[Black "Darwisch, Mohamed"]
[Result "1-0"]
[WhiteElo "2301"]
[BlackElo "1974"]
[PlyCount "45"]
[EventDate "2007.??.??"]

1. e4 e5 2. Nf3 Nc6 3. Bb5 f5 4. Nc3 fxe4 5. Nxe4 Nf6 6. Qe2 d5 7. Nxf6+ gxf6
8. d4 Bg7 9. dxe5 O-O 10. e6 Re8 11. O-O Bxe6 12. Bf4 a6 13. Ba4 Bg4 14. Qd3
Bh5 15. Rfe1 b5 16. Bb3 Nb4 17. Qc3 Bf8 18. a3 Rxe1+ 19. Rxe1 a5 20. axb4 Bxb4
21. Qc6 Bxe1 22. Bxd5+ Kg7 23. Qxa8 1-0

[Event "Münsterland Open"]
[Site "Senden"]
[Date "2007.09.29"]
[Round "1.8"]
[White "Bartsch, Rainer"]
[Black "Böhle, Lars"]
[Result "0-1"]
[WhiteElo "1970"]
[BlackElo "2266"]
[PlyCount "80"]
[EventDate "2007.??.??"]

1. d4 Nf6 2. Nf3 g6 3. g3 Bg7 4. Bg2 O-O 5. O-O d6 6. Nbd2 Nbd7 7. e4 e5 8. c3
b6 9. dxe5 dxe5 10. Qc2 Bb7 11. b4 Qe7 12. Rd1 Rfd8 13. Ne1 Nf8 14. Bb2 Ne6 15.
Nc4 Ng5 16. f3 Qe6 17. Rxd8+ Rxd8 18. Rd1 Re8 19. Ne3 h5 20. h4 Ngh7 21. Bf1
Bh6 22. N1g2 Qh3 23. Qf2 Bxe4 24. Nf4 Qc8 25. Nxh5 Bb7 26. Nxf6+ Nxf6 27. c4
Qe6 28. Kh2 Qe7 29. a3 a5 30. Bc3 axb4 31. axb4 Ra8 32. Ra1 Rxa1 33. Bxa1 Bxf3
34. Qxf3 Bxe3 35. Kg2 Bd4 36. Qa8+ Kg7 37. b5 Qb4 38. Bxd4 exd4 39. Qd8 Qd2+
40. Kh1 Ng4 0-1

[Event "Münsterland Open"]
[Site "Senden"]
[Date "2007.09.29"]
[Round "1.9"]
[White "Torres-Kuckel, Rafael"]
[Black "Weber, Hubert"]
[Result "1-0"]
[WhiteElo "2250"]
[BlackElo "1968"]
[PlyCount "89"]
[EventDate "2007.??.??"]

1. e4 c5 2. Nf3 d6 3. c3 g6 4. Bc4 Nc6 5. d4 cxd4 6. cxd4 Bg7 7. O-O Nf6 8. d5
Nb8 9. Nc3 Bg4 10. h3 Bxf3 11. Qxf3 Nbd7 12. Qe2 a6 13. a4 Rc8 14. Be3 O-O 15.
a5 Qc7 16. Bd3 Nc5 17. Bc2 Nfd7 18. f4 b5 19. axb6 Nxb6 20. Rab1 e6 21. f5 exf5
22. exf5 Rfe8 23. Qf2 Nc4 24. Bc1 Ne5 25. Qg3 Ncd7 26. Ba4 Rf8 27. Bg5 f6 28.
Be3 Nc5 29. Bc2 g5 30. Ne2 Ncd7 31. Nd4 Qb7 32. Rfd1 Nc4 33. Bf2 Nde5 34. Ba4
Qb4 35. b3 Nd2 36. Rbc1 Ne4 37. Qe3 Nxf2 38. Kxf2 g4 39. Ne6 Rxc1 40. Rxc1 Re8
41. Bxe8 gxh3 42. Bh5 Qh4+ 43. Qg3 Nd3+ 44. Kg1 h2+ 45. Kh1 1-0

[Event "Münsterland Open"]
[Site "Senden"]
[Date "2007.09.29"]
[Round "1.10"]
[White "Mir Wais, Milod"]
[Black "Felczer, Kevin"]
[Result "1/2-1/2"]
[WhiteElo "1966"]
[BlackElo "2242"]
[PlyCount "68"]
[EventDate "2007.??.??"]

1. e4 c5 2. Nf3 d6 3. d4 cxd4 4. Nxd4 Nf6 5. Nc3 a6 6. Bc4 e6 7. O-O Nbd7 8.
Re1 Qc7 9. Bb3 Nc5 10. f4 Be7 11. e5 Nfd7 12. Qg4 g6 13. Qg3 b5 14. a3 Nxb3 15.
cxb3 Bb7 16. exd6 Qxd6 17. Be3 O-O 18. Rad1 Qc7 19. Nf3 Bf6 20. Bd4 Rfd8 21.
Bxf6 Nxf6 22. Ne5 Rxd1 23. Rxd1 Rd8 24. Rxd8+ Qxd8 25. Qd3 Qb6+ 26. Kf1 Kg7 27.
g4 b4 28. g5 Nd5 29. Nxd5 Bxd5 30. Nd7 Qb5 31. Qxb5 axb5 32. axb4 Bc6 33. Ne5
Be8 34. Ng4 Kf8 1/2-1/2

[Event "Münsterland Open"]
[Site "Senden"]
[Date "2007.09.29"]
[Round "2.1"]
[White "Ebert, Manuel"]
[Black "Korneev, Oleg"]
[Result "0-1"]
[WhiteElo "2107"]
[BlackElo "2565"]
[PlyCount "70"]
[EventDate "2007.??.??"]

1. e4 c5 2. Nf3 e6 3. d4 cxd4 4. Nxd4 a6 5. Nc3 Qc7 6. Bd3 Nf6 7. O-O Bc5 8.
Nb3 Be7 9. Qe2 d6 10. f4 Nbd7 11. a4 b6 12. Bd2 Bb7 13. Rae1 h5 14. Nd4 Qc5 15.
Be3 Ng4 16. Nf5 Nxe3 17. Nxe3 Nf6 18. Kh1 h4 19. f5 h3 20. g3 Qb4 21. fxe6 fxe6
22. Nc4 Rc8 23. Rf3 O-O 24. Rf4 b5 25. axb5 axb5 26. Nd2 Qxb2 27. Nxb5 d5 28.
e5 Ne4 29. Rxf8+ Rxf8 30. Nxe4 dxe4 31. Bc4 Qxe5 32. Qg4 Rf6 33. c3 e3+ 34. Kg1
e2 35. Nd4 Qe3# 0-1

[Event "Münsterland Open"]
[Site "Senden"]
[Date "2007.09.29"]
[Round "2.2"]
[White "van der Weide, Karel"]
[Black "Kümpers, Ulrich"]
[Result "1-0"]
[WhiteElo "2512"]
[BlackElo "2105"]
[PlyCount "45"]
[EventDate "2007.??.??"]

1. e4 c6 2. d4 d5 3. e5 Bf5 4. Nc3 h5 5. Bd3 Bxd3 6. Qxd3 e6 7. Nf3 c5 8. dxc5
Bxc5 9. Be3 Bxe3 10. Qxe3 Ne7 11. O-O-O Nbc6 12. Kb1 Nf5 13. Qf4 g6 14. Ne4 Qc7
15. Nf6+ Kf8 16. h3 Rc8 17. g4 Nxe5 18. Nxe5 hxg4 19. hxg4 Rxh1 20. Rxh1 Qxc2+
21. Ka1 Nd4 22. Nxd5 f5 23. Qh6+ 1-0

[Event "Münsterland Open"]
[Site "Senden"]
[Date "2007.09.29"]
[Round "2.3"]
[White "Noack, Reiner"]
[Black "Hoffmann, Michael"]
[Result "1/2-1/2"]
[WhiteElo "2107"]
[BlackElo "2481"]
[PlyCount "48"]
[EventDate "2007.??.??"]

1. d4 d5 2. c4 e6 3. Nc3 c6 4. e3 Nf6 5. Nf3 Nbd7 6. Qc2 Be7 7. Bd3 dxc4 8.
Bxc4 c5 9. O-O a6 10. a4 cxd4 11. exd4 Nb6 12. Bb3 O-O 13. Bg5 Bd7 14. Bxf6
Bxf6 15. a5 Nc8 16. d5 e5 17. Rfe1 Re8 18. Ne4 Bf5 19. Nxf6+ Qxf6 20. Qc3 e4
21. Qxf6 gxf6 22. Nd4 Nd6 23. Rac1 Bd7 24. Rc7 Rad8 1/2-1/2

[Event "Münsterland Open"]
[Site "Senden"]
[Date "2007.09.29"]
[Round "2.5"]
[White "Topp, Michael"]
[Black "Thesing, Matthias"]
[Result "0-1"]
[WhiteElo "2105"]
[BlackElo "2393"]
[PlyCount "92"]
[EventDate "2007.??.??"]

1. c4 Nf6 2. g3 c6 3. Bg2 d5 4. Nf3 Bg4 5. O-O e6 6. Qb3 Qb6 7. Qxb6 axb6 8.
cxd5 exd5 9. d3 Bc5 10. a3 O-O 11. h3 Bf5 12. g4 Bc8 13. Bf4 Re8 14. d4 Bf8 15.
Nc3 h5 16. g5 Ne4 17. Nxe4 Rxe4 18. e3 Re8 19. Bc7 b5 20. Bxb8 Rxb8 21. a4 b4
22. a5 Bf5 23. Rfc1 Bd3 24. Ne1 Ba6 25. Nf3 Ra8 26. Nd2 h4 27. Bf1 Be7 28. Bxa6
Rxa6 29. f4 Bd8 30. Kf2 Bxa5 31. Ra4 b3 32. Nxb3 Be1+ 33. Rxe1 Rxa4 34. Rc1 Rb4
35. Rc3 Ra8 36. Kf3 Ra2 37. Kg4 Rxb2 38. Nc5 Ra2 39. Kxh4 Rc4 40. Rb3 b5 41.
Nd3 Rca4 42. Nb4 R2a3 43. Rb1 Rxe3 44. Nxc6 Rc4 45. Ne5 Rxd4 46. Rxb5 Rxe5 0-1

[Event "Münsterland Open"]
[Site "Senden"]
[Date "2007.09.29"]
[Round "2.6"]
[White "Schulze, Ulrich"]
[Black "van Ackeren, Franz"]
[Result "1-0"]
[WhiteElo "2309"]
[BlackElo "2100"]
[PlyCount "54"]
[EventDate "2007.??.??"]

1. d4 Nf6 2. Nf3 g6 3. c4 Bg7 4. g3 O-O 5. Bg2 d6 6. O-O Nc6 7. Nc3 Bf5 8. d5
Na5 9. Nd4 Bd7 10. Qd3 c5 11. dxc6 Nxc6 12. e3 a6 13. b3 Rb8 14. Nxc6 bxc6 15.
Bb2 c5 16. Rab1 Qa5 17. h3 Rb4 18. g4 h6 19. f4 Kh8 20. e4 Rd8 21. g5 Ng8 22.
gxh6 Bd4+ 23. Kh1 Rbb8 24. Nd5 Bxb2 25. Rxb2 Bc6 26. b4 Qa4 27. Qc3+ f6 1-0

[Event "Münsterland Open"]
[Site "Senden"]
[Date "2007.09.29"]
[Round "2.7"]
[White "Nattermüller, Matthias"]
[Black "Litwak, Aleksej"]
[Result "0-1"]
[WhiteElo "2101"]
[BlackElo "2301"]
[PlyCount "99"]
[EventDate "2007.??.??"]

1. d4 Nf6 2. c4 e6 3. Nf3 b6 4. e3 Bb7 5. a3 c5 6. Nc3 d5 7. cxd5 exd5 8. Bb5+
Nbd7 9. dxc5 Bxc5 10. b4 Bd6 11. Bb2 O-O 12. O-O Ne5 13. Qd4 Qc7 14. Ne2 Nxf3+
15. gxf3 Qc8 16. Kg2 Qe6 17. Bd3 Rfe8 18. f4 Rac8 19. Ng3 Rc7 20. Bf5 Qe7 21.
Bd3 Rd8 22. Kg1 Qe6 23. Bf5 Qe7 24. Bd3 Qe6 25. Bf5 Qe7 26. Bd3 Bc8 27. Kg2 Be6
28. h3 Rdc8 29. Kh2 Ne8 30. Nh5 Qh4 31. Ng3 Bxh3 32. Rh1 Be7 33. e4 dxe4 34.
Nxe4 Qxf4+ 35. Kxh3 Qf3+ 36. Ng3 Rd8 37. Be4 Qb3 38. Bxh7+ Kxh7 39. Kg2+ Kg8
40. Qe4 Qd5 41. Rh5 Qxe4+ 42. Nxe4 f6 43. b5 Rc2 44. Bc3 Kf7 45. Bb4 Rd4 46.
Rh4 Rcc4 47. Bxe7 Kxe7 48. Re1 Kd8 49. Rh5 Rxe4 50. Rd5+ 0-1

[Event "Münsterland Open"]
[Site "Senden"]
[Date "2007.09.29"]
[Round "2.8"]
[White "Böhle, Lars"]
[Black "Werner, Michael"]
[Result "1-0"]
[WhiteElo "2266"]
[BlackElo "2095"]
[PlyCount "101"]
[EventDate "2007.??.??"]

1. e4 c5 2. Nf3 e6 3. d3 Nc6 4. g3 d5 5. Nbd2 Nf6 6. Bg2 Be7 7. O-O b6 8. Re1
Bb7 9. e5 Nd7 10. h4 Qc7 11. Qe2 O-O-O 12. Nf1 h6 13. Bf4 a6 14. Qd2 b5 15. c3
Nb6 16. a3 Na5 17. Rab1 c4 18. d4 Nb3 19. Qe3 a5 20. h5 Nd7 21. N3d2 a4 22.
Nxb3 cxb3 23. Qe2 Bc6 24. Ne3 Nb6 25. g4 Nc4 26. Bg3 Rdg8 27. Kh2 Qd8 28. Nxc4
bxc4 29. f4 g6 30. Qf2 gxh5 31. gxh5 Rh7 32. Bf3 Bd7 33. Rg1 Rhh8 34. Kh3 Qe8
35. Bh4 Kb7 36. Bxe7 Qxe7 37. Rg2 Qd8 38. Rbg1 Kc7 39. Rg3 Qf8 40. Qg2 Rxg3+
41. Qxg3 Kd8 42. Kh2 Qe7 43. Rg2 Qf8 44. Qh4+ Qe7 45. Qf6 Qxf6 46. exf6 Ke8 47.
Rg7 Kf8 48. f5 Bc8 49. Kg3 Rg8 50. Rxg8+ Kxg8 51. Kf4 1-0

[Event "Münsterland Open"]
[Site "Senden"]
[Date "2007.09.29"]
[Round "2.9"]
[White "Fox, Daniel"]
[Black "Torres-Kuckel, Rafael"]
[Result "0-1"]
[WhiteElo "2097"]
[BlackElo "2250"]
[PlyCount "70"]
[EventDate "2007.??.??"]

1. e4 c5 2. c3 d6 3. d4 Nf6 4. Bd3 Nc6 5. d5 Ne5 6. f4 Nxd3+ 7. Qxd3 g6 8. Nf3
Bg7 9. c4 b5 10. cxb5 a6 11. O-O O-O 12. Re1 Qb6 13. Nc3 Ng4 14. h3 c4+ 15. Be3
Nxe3 16. Qxe3 Qxe3+ 17. Rxe3 axb5 18. Nxb5 Bxb2 19. Rb1 Bg7 20. a3 Bd7 21. Nfd4
Rfc8 22. e5 Rc5 23. exd6 exd6 24. Re7 Be8 25. a4 Kf8 26. Re2 Rxd5 27. Nc2 Rb8
28. Nb4 Rdxb5 29. axb5 Rxb5 30. Rbe1 Bd7 31. Re7 Be6 32. Nc6 c3 33. Rc7 Rc5 34.
f5 gxf5 35. Rb1 Bf6 0-1

[Event "Münsterland Open"]
[Site "Senden"]
[Date "2007.09.29"]
[Round "2.10"]
[White "Wewers, Reinhard"]
[Black "Rüberg, Jobst"]
[Result "1/2-1/2"]
[WhiteElo "2095"]
[BlackElo "2218"]
[PlyCount "32"]
[EventDate "2007.??.??"]

1. Nf3 Nf6 2. c4 e6 3. g3 b6 4. Bg2 Bb7 5. O-O Be7 6. Nc3 O-O 7. d4 Na6 8. d5
Bb4 9. Nh4 Bxc3 10. bxc3 Nc5 11. Ba3 d6 12. Bxc5 dxc5 13. e4 e5 14. Nf5 Bc8 15.
a4 Bxf5 16. exf5 Qd6 1/2-1/2

15.
a4 Bxf5 16. exf5 Qd6 *

[Event "Münsterland Open"]
[Site "Senden"]
[Date "2007.09.30"]
[Round "3.1"]
[White "Korneev, Oleg"]
[Black "Zelbel, Patrick"]
[Result "1-0"]
[WhiteElo "2565"]
[BlackElo "2193"]
[PlyCount "73"]
[EventDate "2007.??.??"]

1. e4 c5 2. Nf3 Nc6 3. d4 cxd4 4. Nxd4 Nf6 5. Nc3 e5 6. Ndb5 d6 7. Bg5 a6 8.
Na3 b5 9. Nd5 Be7 10. Bxf6 Bxf6 11. c4 b4 12. Nc2 a5 13. g3 O-O 14. h4 Be6 15.
Bh3 Bxd5 16. cxd5 Nb8 17. Ne3 Na6 18. Rc1 Nc5 19. Rxc5 dxc5 20. Nc4 a4 21. O-O
Qb8 22. d6 Rd8 23. Qd5 Ra6 24. Rd1 Qa8 25. f4 Qxd5 26. Rxd5 Re8 27. fxe5 Bd8
28. Bd7 Rf8 29. e6 fxe6 30. Bxe6+ Kh8 31. e5 g5 32. h5 a3 33. b3 Rf3 34. Rxc5
Rxb3 35. Rc8 Rb1+ 36. Kg2 Kg7 37. Ne3 1-0

[Event "Münsterland Open"]
[Site "Senden"]
[Date "2007.09.30"]
[Round "3.2"]
[White "Langers, Alexander"]
[Black "van der Weide, Karel"]
[Result "1/2-1/2"]
[WhiteElo "2160"]
[BlackElo "2512"]
[PlyCount "87"]
[EventDate "2007.??.??"]

1. e4 c5 2. Nf3 d6 3. d4 cxd4 4. Nxd4 Nf6 5. Nc3 a6 6. Bg5 Nc6 7. Qd2 e6 8.
O-O-O Bd7 9. f3 Rc8 10. Kb1 Be7 11. g4 h5 12. gxh5 Rxh5 13. Rg1 Nxd4 14. Qxd4
Qc7 15. Qd2 b5 16. e5 dxe5 17. Bxf6 Bxf6 18. Ne4 Be7 19. Rxg7 Rh8 20. Qg2 Rf8
21. Bd3 Bc6 22. Qg4 Rd8 23. h4 Rd4 24. h5 Kd8 25. Rg8 f5 26. Qg7 Rxg8 27. Qxg8+
Be8 28. Ng5 Bxg5 29. Qxg5+ Qe7 30. Qe3 Bxh5 31. Qxe5 Qd6 32. Qf6+ Kc7 33. Re1
Bxf3 34. Rxe6 Qc5 35. Re7+ Rd7 36. Rxd7+ Kxd7 37. Qxf5+ Qxf5 38. Bxf5+ Kc7 39.
b4 Kb6 40. Kb2 a5 41. Kc3 Bd5 42. a3 Bf7 43. Kd4 axb4 44. axb4 1/2-1/2

[Event "Münsterland Open"]
[Site "Senden"]
[Date "2007.09.30"]
[Round "3.4"]
[White "Thesing, Matthias"]
[Black "Barthel, Ansgar"]
[Result "1-0"]
[WhiteElo "2393"]
[BlackElo "2182"]
[PlyCount "73"]
[EventDate "2007.??.??"]

1. e4 Nf6 2. e5 Nd5 3. d4 d6 4. Nf3 Bg4 5. Be2 c6 6. O-O Bxf3 7. Bxf3 dxe5 8.
dxe5 e6 9. c4 Ne7 10. Qxd8+ Kxd8 11. Be4 Nd7 12. Bf4 Ng6 13. Bxg6 hxg6 14. Nc3
Kc7 15. Rad1 Be7 16. Ne4 Rad8 17. b3 a5 18. Nd6 Bxd6 19. Rxd6 Nc5 20. Rfd1 Ne4
21. Rxd8 Rxd8 22. Rxd8 Kxd8 23. Be3 Kc7 24. f3 Nc3 25. Bd2 Nxa2 26. Bxa5+ b6
27. Bd2 c5 28. Kf2 Kc6 29. Ke2 b5 30. Kd3 Kb6 31. f4 Kc6 32. h4 Kb6 33. g4 Kc6
34. Kc2 Kb6 35. Kb2 Nb4 36. Bxb4 cxb4 37. Kc2 1-0

[Event "Münsterland Open"]
[Site "Senden"]
[Date "2007.09.30"]
[Round "3.5"]
[White "Nattermüller, Irina"]
[Black "Schulze, Ulrich"]
[Result "0-1"]
[WhiteElo "2111"]
[BlackElo "2309"]
[PlyCount "74"]
[EventDate "2007.??.??"]

1. e4 Nf6 2. e5 Nd5 3. c4 Nb6 4. d4 d6 5. exd6 cxd6 6. Nc3 g6 7. Be3 Bg7 8. Rc1
O-O 9. b3 e5 10. dxe5 dxe5 11. Qxd8 Rxd8 12. Be2 Nc6 13. Nf3 Nd4 14. Bd1 Bd7
15. O-O Bc6 16. Ne1 Nf5 17. Bc5 e4 18. Bg4 Nh6 19. Bh3 Nd7 20. Be7 Re8 21. Bg5
f5 22. g3 a6 23. Be3 b5 24. Ng2 bxc4 25. bxc4 Ne5 26. Nd5 Rac8 27. Bxh6 Bxh6
28. Nf6+ Kf8 29. Nxe8 Bxc1 30. Rxc1 Kxe8 31. Ne3 Rb8 32. Bf1 Rb2 33. Rc2 Nf3+
34. Kh1 Rb1 35. Re2 Nd4 36. Rd2 Rxf1+ 37. Nxf1 e3+ 0-1

[Event "Münsterland Open"]
[Site "Senden"]
[Date "2007.09.30"]
[Round "3.6"]
[White "Litwak, Aleksej"]
[Black "Hankel, Dennis"]
[Result "1/2-1/2"]
[WhiteElo "2301"]
[BlackElo "2157"]
[PlyCount "41"]
[EventDate "2007.??.??"]

1. e4 e5 2. Nf3 Nc6 3. Bb5 a6 4. Bxc6 dxc6 5. O-O Bg4 6. h3 h5 7. d3 Qf6 8. Be3
Bxf3 9. Qxf3 Qxf3 10. gxf3 Bd6 11. Nd2 Ne7 12. Rfb1 f6 13. b4 g5 14. a4 Kf7 15.
Kf1 Rhg8 16. Ke2 Ng6 17. c3 Nf4+ 18. Bxf4 gxf4 19. Nc4 b6 20. d4 Ke6 21. Rg1
1/2-1/2

[Event "Münsterland Open"]
[Site "Senden"]
[Date "2007.09.30"]
[Round "3.7"]
[White "Wallhof, Dieter"]
[Black "Böhle, Lars"]
[Result "0-1"]
[WhiteElo "2064"]
[BlackElo "2266"]
[PlyCount "64"]
[EventDate "2007.??.??"]

1. e4 e6 2. d4 d5 3. e5 c5 4. c3 Nc6 5. Nf3 Qb6 6. a3 Nh6 7. b4 cxd4 8. cxd4
Nf5 9. Bb2 Be7 10. Be2 Bd7 11. O-O O-O 12. g4 Nh4 13. Nxh4 Bxh4 14. Kg2 Be7 15.
f4 f6 16. Qd3 f5 17. gxf5 Rxf5 18. Bg4 Rf7 19. Nd2 Raf8 20. Qe3 a5 21. Nb3 axb4
22. Nc5 Bxc5 23. dxc5 Qd8 24. axb4 Nxb4 25. Rad1 Qe7 26. Bc3 Na6 27. Rb1 Bc6
28. Kg1 Nc7 29. Be1 Qg5 30. Qh3 Rxf4 31. Rxf4 Rxf4 32. Rb4 d4 0-1

[Event "Münsterland Open"]
[Site "Senden"]
[Date "2007.09.30"]
[Round "3.8"]
[White "Torres-Kuckel, Rafael"]
[Black "Klein, Björn"]
[Result "1/2-1/2"]
[WhiteElo "2250"]
[BlackElo "2116"]
[PlyCount "29"]
[EventDate "2007.??.??"]

1. e4 c6 2. c4 d5 3. exd5 cxd5 4. cxd5 Nf6 5. Qa4+ Nbd7 6. Nc3 g6 7. Nf3 Bg7 8.
Bc4 O-O 9. Qb3 Nc5 10. Qa3 b6 11. d4 Nce4 12. Ne5 Nd6 13. Be2 Bb7 14. Bf3 Nf5
15. Be3 1/2-1/2

[Event "Münsterland Open"]
[Site "Senden"]
[Date "2007.09.30"]
[Round "3.9"]
[White "Hoffmann, Michael"]
[Black "Smolka, Alexander"]
[Result "1-0"]
[WhiteElo "2481"]
[BlackElo "2025"]
[PlyCount "43"]
[EventDate "2007.??.??"]

1. e4 c5 2. Nf3 Nc6 3. Bb5 Nf6 4. Nc3 Qc7 5. O-O Nd4 6. Re1 a6 7. Bf1 Ng4 8. g3
Nxf3+ 9. Qxf3 Ne5 10. Qd1 Nc6 11. Nd5 Qd8 12. c3 e6 13. d4 cxd4 14. cxd4 exd5
15. exd5+ Be7 16. d6 O-O 17. dxe7 Nxe7 18. Bg5 f6 19. Bd2 d6 20. Ba5 Qxa5 21.
Rxe7 Qb4 22. Rc1 1-0

[Event "Münsterland Open"]
[Site "Senden"]
[Date "2007.09.30"]
[Round "3.10"]
[White "Noack, Reiner"]
[Black "Felczer, Kevin"]
[Result "1/2-1/2"]
[WhiteElo "2107"]
[BlackElo "2242"]
[PlyCount "82"]
[EventDate "2007.??.??"]

1. d4 e6 2. c4 Nf6 3. Nf3 b6 4. Nc3 Bb4 5. Bg5 Bb7 6. e3 h6 7. Bxf6 Qxf6 8. Be2
c5 9. O-O cxd4 10. exd4 Bxc3 11. bxc3 O-O 12. Qb1 d6 13. a4 Qe7 14. a5 bxa5 15.
Rxa5 Nc6 16. Rb5 Ba6 17. Rb2 Rfb8 18. Rxb8+ Rxb8 19. Qa2 Bc8 20. Qa3 Qc7 21.
Ra1 Rb7 22. d5 exd5 23. cxd5 Ne7 24. Nd4 Nxd5 25. Nb5 Qe7 26. Bf1 Bd7 27. Nxd6
Rc7 28. c4 Nf4 29. Nb5 Qxa3 30. Rxa3 Bxb5 31. cxb5 Kf8 32. g3 Ne6 33. Rb3 Rb7
34. Re3 Nd4 35. Ra3 Ke7 36. Ra6 Kd7 37. Bc4 f6 38. Bd5 Rc7 39. b6 axb6 40. Rxb6
Ke7 41. Rb7 Rxb7 1/2-1/2

[Event "Münsterland Open"]
[Site "Senden"]
[Date "2007.10.01"]
[Round "4.1"]
[White "Schulze, Ulrich"]
[Black "Korneev, Oleg"]
[Result "1/2-1/2"]
[WhiteElo "2309"]
[BlackElo "2565"]
[PlyCount "50"]
[EventDate "2007.??.??"]

1. d4 d5 2. Nf3 Nf6 3. c4 e6 4. e3 Be7 5. Be2 O-O 6. O-O b6 7. b3 Bb7 8. Bb2 c5
9. cxd5 exd5 10. Nc3 Nbd7 11. Rc1 Rc8 12. dxc5 bxc5 13. Qd3 h6 14. Rfd1 Qb6 15.
Qf5 Qe6 16. Nh4 Rfd8 17. Ng6 Qd6 18. Nxe7+ Qxe7 19. Bf3 Nb6 20. Ne2 Qe6 21. Qd3
Ne4 22. Nf4 Qe7 23. Nh5 f6 24. Bg4 Rb8 25. Bf5 Nd7 1/2-1/2

[Event "Münsterland Open"]
[Site "Senden"]
[Date "2007.10.01"]
[Round "4.2"]
[White "Böhle, Lars"]
[Black "Thesing, Matthias"]
[Result "1/2-1/2"]
[WhiteElo "2266"]
[BlackElo "2393"]
[PlyCount "55"]
[EventDate "2007.??.??"]

1. e4 c5 2. Nf3 d6 3. c3 Nf6 4. Be2 Nbd7 5. d3 b6 6. O-O Bb7 7. Nbd2 g6 8. Re1
Bg7 9. Bf1 Ne5 10. d4 Nxf3+ 11. Qxf3 O-O 12. d5 e6 13. Bc4 exd5 14. exd5 Qd7
15. a4 Rae8 16. Rd1 Re5 17. Nf1 Rf5 18. Qh3 Rh5 19. Qxd7 Nxd7 20. Ng3 Rh4 21.
Bb5 Nf6 22. Bc6 Ba6 23. f3 h6 24. Be3 Rd8 25. Bf2 Rf4 26. Be3 Rh4 27. Bf2 Rf4
28. Be3 1/2-1/2

[Event "Münsterland Open"]
[Site "Senden"]
[Date "2007.10.01"]
[Round "4.3"]
[White "van der Weide, Karel"]
[Black "Beutelhoff, Josef"]
[Result "1-0"]
[WhiteElo "2512"]
[BlackElo "2141"]
[PlyCount "68"]
[EventDate "2007.??.??"]

1. Nf3 Nf6 2. g3 c5 3. Bg2 Nc6 4. O-O e5 5. d3 Be7 6. e4 O-O 7. Na3 d6 8. c3
Rb8 9. Nh4 g6 10. f4 exf4 11. Bxf4 Nh5 12. Bh6 Ng7 13. Nf3 Ne5 14. Nxe5 dxe5
15. Nc4 f6 16. Ne3 Be6 17. c4 Rf7 18. Nd5 Bd6 19. Rf2 Ne8 20. Qf1 Bf8 21. Be3
b6 22. h4 Kg7 23. h5 g5 24. Bh3 Qd7 25. Bxe6 Qxe6 26. Qe2 h6 27. Raf1 Be7 28.
Bd2 Bf8 29. Rf5 Rc8 30. Bc3 Bd6 31. Kg2 Rd8 32. a3 Rfd7 33. Qg4 Kh8 34. Kh3 Bf8
1-0

[Event "Münsterland Open"]
[Site "Senden"]
[Date "2007.10.01"]
[Round "4.4"]
[White "Hankel, Dennis"]
[Black "Hoffmann, Michael"]
[Result "1/2-1/2"]
[WhiteElo "2157"]
[BlackElo "2481"]
[PlyCount "42"]
[EventDate "2007.??.??"]

1. d4 Nf6 2. c4 g6 3. Nc3 d5 4. cxd5 Nxd5 5. e4 Nxc3 6. bxc3 Bg7 7. Bc4 c5 8.
Ne2 Nc6 9. Be3 O-O 10. O-O Bd7 11. Qd2 Rc8 12. Rac1 Qa5 13. Qb2 cxd4 14. cxd4
Qb4 15. Qxb4 Nxb4 16. f4 Ba4 17. Bb3 Bxb3 18. axb3 Nc2 19. Bf2 e6 20. Rfd1 b6
21. d5 exd5 1/2-1/2

[Event "Münsterland Open"]
[Site "Senden"]
[Date "2007.10.01"]
[Round "4.6"]
[White "Kuhn, Ulf"]
[Black "Litwak, Aleksej"]
[Result "1-0"]
[WhiteElo "2130"]
[BlackElo "2301"]
[PlyCount "71"]
[EventDate "2007.??.??"]

1. c4 Nf6 2. g3 e6 3. Bg2 d5 4. Nf3 Be7 5. b3 O-O 6. O-O c5 7. Bb2 a6 8. cxd5
exd5 9. d4 Nc6 10. dxc5 Bxc5 11. Nc3 d4 12. Na4 Ba7 13. Rc1 Qd6 14. e3 d3 15.
Bxf6 gxf6 16. Qd2 Bg4 17. Nb2 Rad8 18. Rc3 Nb4 19. a3 Nd5 20. Nc4 Nxc3 21. Nxd6
Ne2+ 22. Kh1 Rxd6 23. Qb4 Rfd8 24. Qxg4+ Kf8 25. Nd2 R6d7 26. Qf5 Rc7 27. Qxf6
Rdd7 28. Nc4 d2 29. Rd1 b5 30. Ne5 Rc1 31. Nxd7+ Ke8 32. Bc6 Rxd1+ 33. Kg2 Rg1+
34. Kh3 Rc1 35. Ne5+ Rxc6 36. Qxf7+ 1-0

[Event "Münsterland Open"]
[Site "Senden"]
[Date "2007.10.01"]
[Round "4.7"]
[White "Wewers, Reinhard"]
[Black "Torres-Kuckel, Rafael"]
[Result "1-0"]
[WhiteElo "2095"]
[BlackElo "2250"]
[PlyCount "49"]
[EventDate "2007.??.??"]

1. Nf3 Nf6 2. c4 e6 3. g3 Be7 4. Bg2 O-O 5. O-O c5 6. d4 cxd4 7. Nxd4 a6 8. e4
d6 9. Nc3 Qc7 10. Be3 Nbd7 11. Rc1 Rb8 12. f4 g6 13. b3 Re8 14. f5 Bf8 15. fxe6
fxe6 16. Bh3 Kf7 17. Nxe6 Rxe6 18. Bxe6+ Kxe6 19. Nd5 Qd8 20. e5 Nxe5 21. Rxf6+
Kd7 22. c5 Ke8 23. cxd6 Bg4 24. Nc7+ Kd7 25. Rf7+ 1-0